000 01960nam a2200433Ii 4500
001 DIGUNAU0203
003 NyNyDIG
006 m o d
007 cr |||||||||||
008 230217s2020 ck d ob 000 0 spa d
035 _a(OCoLC)1371186492
040 _aDGITA
_beng
_erda
_epn
_cDGITA
020 _z9789585495463
043 _acl-----
050 1 4 _aKG565 ebook
245 0 3 _aLa migración intrarregional en América Latina :
_bsociedad, legislación y desafíos en un mundo complejo /
_cLoreto Correa Vera, editora.
264 1 _aMedellín :
_bEdiciones UNAULA :
_bCLACSO, Consejo Latinoamericano de Ciencias Sociales,
_c[2020]
300 _a1 online resource :
_bcharts.
336 _atext
_btxt
_2rdacontent
337 _acomputer
_bc
_2rdamedia
338 _aonline resource
_bcr
_2rdacarrier
347 _atext file
_2rdaft
347 _bPDF
490 1 _aColección Grupos de trabajo. Serie Movimientos sociales y territorialidades
490 1 _aSerie: Libro resultado de investigación
504 _aIncludes bibliographical references.
588 0 _aOnline resource; title from PDF title page (Digitalia, viewed February 17, 2023)
650 0 _aEmigration and immigration law
_zLatin America.
651 0 _aLatin America
_xEmigration and immigration.
700 1 _aCorrea Vera, Loreto,
_eeditor,
_eauthor.
791 2 _aDigitalia (Firm),
_edistributor.
793 0 _gDigitalia eBook Collection:
_aEdiciones UNAULA
776 0 8 _iPrint version:
_tMigración intrarregional en América Latina.
_bPrimera edición.
_dMedellín : Ediciones UNAULA : CLACSO, Consejo Latinoamericano de Ciencias Sociales, 2020
_z9789585495463
830 0 _aColección Grupos de trabajo.
_pSerie Movimentos sociales y territorialidades.
830 0 _aLibros resultado de investigación (Medellin, Colombia)
856 4 0 _3Digitalia Hispánica
_uhttps://www.digitaliapublishing.com/a/119370/
910 _aPremium collection: 2023
942 _cRAA
999 _c276010
_d276010